ROZPOZNAJ PAŃSTWO PO PODPOWIEDZI cz2 - Statystyki

Ogólne statystyki
  • Ten quiz został rozwiązany 26 razy
  • Średni wynik to 9 z 15
Statystyki odpowiedzi
Podpowiedź Odpowiedź % Poprawnych
FLAGA TEGO PAŃSTWA JAKO JEDYNA NIE JEST CZWOROKĄTEM NEPAL
96%
PAŃSTWO KTÓRE NIE JEST UZNAWANE PRZEZ PODAD 90 PAŃSTW KOSOWO
83%
EUROPEJSKIE PAŃSTWO KTÓRE POSIADA NA FLADZE KOLOR ŔÓŻOWY HISZPANIA
78%
TO PAŃSTWO BŁĘDNIE JEST NAZYWANE KONTYNENTEM AUSTRALIA
74%
JEDYNE PAŃSTWO ZACZYNAJĄCE SIĘ NA O OMAN
70%
69 NAJWIĘKSZE PAŃSTWO ŚWIATA POLSKA
70%
WYSPIARSKIE PAŃSTWO NAZYWANE "ŁZA INDI" SRI LANKA
65%
NAJDALEJ POŁOŻONE PAŃSTWO OD POLSKI NOWA ZELANDIA
61%
W TYM PAŃSTWIE NAJSZYBCIEJ JEST WITANY NOWY ROK KIRIBATI
57%
PAŃSTWO Z NAJWIĘKSZĄ ILOŚCIĄ WYSP SZWECJA
57%
NA FLADZE TEGO PAŃSTWA ZNAJDUJE SIĘ CZŁOWIEK BELIZE
52%
PAŃSTWO KTÓRE NIE JEST W UNI EUROPEJSKIEJ A UŻYWA EURO ANDORA
39%
EUROPEJSKIE PAŃSTWO KTÓRE JEST PODWÓJNIE ŚRÓDLĄDOWE LIECHTENSTEIN
39%
PASZPORT TEGO PAŃSTWA JEST NAJSŁABSZYM NA ŚWIECIE AFGANISTAN
35%
AFRYKAŃSKIE PAŃSTWO KTÓRE NIE ZOSTAŁO NIGDY SKOLONIZOWANE ETIOPIA
30%
Nie znaleziono quizów pasujących do podanych kryteriów
Rozkład punktacji
Procent ludzi z każdym wynikiem
Percentyl według liczby udzielonych odpowiedzi
Twoja historia wyników
Nie rozwiązałeś tego quizu